Music Quiz

Random Music or Song Quiz

The Rolling Stones Opening Lyric Quiz Stats

 Plays Quiz not verified by Sporcle

Score 0/14 Timer 05:00
0 Plays Today
Lyric Song % Correct
'I see a red door and I want it [Title]'Paint it Black
96.7%
'Please allow me to introduce myself'Sympathy for the Devil
93.3%
'I was born in a cross- fire hurricane'Jumpin' Jack Flash
86.7%
'I'll never be your [Title]'Beast of Burden
75%
'She would never say where she came from'Ruby Tuesday
74.2%
'Gold Cost slaveship bound for cotton fields'Brown Sugar
71.7%
'Oh a storm is threat'ning my very life today'Gimme Shelter
70%
Lyric Song % Correct
'What a drag it is getting old'Mothers Little Helper
65.8%
'She comes in colors ev'rywhere'She's a Rainbow
60%
'Love and hope and sex and dreams'Shattered
58.3%
'Dont you worry 'bout whats on your mind'Lets Spend the Night Together
30.8%
'Im feeling so tired, I cant understand it'Bitch
28.3%
'Waiting for a girl who's got curlers in her hair'Factory Girl
21.7%
'In the sweet old country where I come from'Hang Fire
20.8%

You're not logged in!

Compare scores with friends on all Sporcle quizzes.
OR
Log In

Show Comments

Extras

Top Quizzes Today


Score Distribution

Your Account Isn't Verified!

In order to create a playlist on Sporcle, you need to verify the email address you used during registration. Go to your Sporcle Settings to finish the process.

Report this User

Report this user for behavior that violates our Community Guidelines.

Details: